<?xml version="1.0" encoding="UTF-8"?>
<collection xmlns="http://www.loc.gov/MARC21/slim">
<record>
  <controlfield tag="001">112405</controlfield>
  <controlfield tag="005">20220511140726.0</controlfield>
  <datafield tag="024" ind1="8" ind2=" ">
    <subfield code="2">sideral</subfield>
    <subfield code="a">124599</subfield>
  </datafield>
  <datafield tag="037" ind1=" " ind2=" ">
    <subfield code="a">ART-2017-124599</subfield>
  </datafield>
  <datafield tag="041" ind1=" " ind2=" ">
    <subfield code="a">spa</subfield>
  </datafield>
  <datafield tag="100" ind1=" " ind2=" ">
    <subfield code="a">Sánchez Álvarez, César</subfield>
    <subfield code="0">(orcid)0000-0001-8274-6217</subfield>
  </datafield>
  <datafield tag="245" ind1=" " ind2=" ">
    <subfield code="a">Emprendimiento e innovación social. Elementos de contextualización para la convivencia pacífifica a través de la asociatividad en Colombia</subfield>
  </datafield>
  <datafield tag="260" ind1=" " ind2=" ">
    <subfield code="c">2017</subfield>
  </datafield>
  <datafield tag="520" ind1="3" ind2=" ">
    <subfield code="a">El artículo se propone ofrecer los elementos de contextualización para la convivencia pacífica desde la asociatividad, entendiéndola como un proceso de emprendimiento social dentro de la economía social y so- lidaria que necesita de prácticas de innovación social para transformar la realidad socioproductiva de contextos que han experimentado los efectos del conflicto armado. Este artículo expone los elementos insti- tucionales y teóricos; de igual manera, trae a discusión las tendencias in- ternacionales y nacionales que refuerzan y caracterizan las estrategias de emprendimiento social basadas en la innovación social. Los elementos de contextualización que se plantean tienen el propósito de enriquecer el Proyecto Educativo Lasallista.</subfield>
  </datafield>
  <datafield tag="506" ind1="0" ind2=" ">
    <subfield code="a">Access copy available to the general public</subfield>
    <subfield code="f">Unrestricted</subfield>
  </datafield>
  <datafield tag="540" ind1=" " ind2=" ">
    <subfield code="9">info:eu-repo/semantics/openAccess</subfield>
    <subfield code="a">by-nc-nd</subfield>
    <subfield code="u">http://creativecommons.org/licenses/by-nc-nd/3.0/es/</subfield>
  </datafield>
  <datafield tag="655" ind1=" " ind2="4">
    <subfield code="a">info:eu-repo/semantics/article</subfield>
    <subfield code="v">info:eu-repo/semantics/publishedVersion</subfield>
  </datafield>
  <datafield tag="773" ind1=" " ind2=" ">
    <subfield code="g">2017, 73 (2017), 241-258</subfield>
    <subfield code="p">Rev. Univ. La Salle</subfield>
    <subfield code="t">Revista de la Universidad de la Salle</subfield>
    <subfield code="x">0120-6877</subfield>
  </datafield>
  <datafield tag="856" ind1="4" ind2=" ">
    <subfield code="s">213416</subfield>
    <subfield code="u">http://zaguan.unizar.es/record/112405/files/texto_completo.pdf</subfield>
    <subfield code="y">Versión publicada</subfield>
  </datafield>
  <datafield tag="856" ind1="4" ind2=" ">
    <subfield code="s">816639</subfield>
    <subfield code="u">http://zaguan.unizar.es/record/112405/files/texto_completo.jpg?subformat=icon</subfield>
    <subfield code="x">icon</subfield>
    <subfield code="y">Versión publicada</subfield>
  </datafield>
  <datafield tag="909" ind1="C" ind2="O">
    <subfield code="o">oai:zaguan.unizar.es:112405</subfield>
    <subfield code="p">articulos</subfield>
    <subfield code="p">driver</subfield>
  </datafield>
  <datafield tag="951" ind1=" " ind2=" ">
    <subfield code="a">2022-05-11-12:47:44</subfield>
  </datafield>
  <datafield tag="980" ind1=" " ind2=" ">
    <subfield code="a">ARTICLE</subfield>
  </datafield>
</record>
</collection>